Flaga Wojenna - Statystyki

Ogólne statystyki
  • Ten quiz został rozwiązany 23 razy
  • Średni wynik to 11 z 16
Statystyki odpowiedzi
Obrazkowy Odpowiedź % Poprawnych
Chiny
95%
Finlandia
90%
Indie
90%
Polska
90%
Japonia
86%
Brunei
81%
Węgry
81%
Wietnam
81%
Filipiny
76%
Ukraina
76%
Gruzja
71%
Iran
71%
Rosja
67%
Bułgaria
57%
Pakistan
10%
Bangladesz
5%
Nie znaleziono quizów pasujących do podanych kryteriów
Rozkład punktacji
Procent ludzi z każdym wynikiem
Percentyl według liczby udzielonych odpowiedzi
Twoja historia wyników
Nie rozwiązałeś tego quizu